000 00950nam a22002177a 4500
003 OSt
005 20250911155136.0
008 240216b ||||| |||| 00| 0 eng d
040 _c0
082 _aDPer 621.317 Ie21 May 2022 v. 37 no. 5
100 _aLin, Zhiheng.
_eauthor.
_952580
245 _aA generalized real-time computation method dual-sampling mode to eliminate the computation delay in digitally controlled inverters /
_cZhiheng Lin, Xinbo Ruan, Hao Zhang, and Liguo Wu.
260 _aNew York ;
_bThe Institute of Electrical and Electronics Engineers, Inc. ,
_cMay 2022.
300 _aVolume 37, pages 5186-5195 :
_billustration ;
_c28 cm.
500 _aIEEE Transaction on Power Electronics, vol. 91, no. 5, pages 5186-5195, January 2020.
700 _aLin, Zhiheng.
_eauthor.
_952580
700 _aRuan, Xinbo.
_eauthor.
_952581
700 _aZhang, Hao.
_eauthor.
_952582
700 _aWu, Liguo.
_eauthor.
_952583
942 _2ddc
_cPER
999 _c19183
_d19183